| 000 | 00992 a2200217 4500 | ||
|---|---|---|---|
| 003 | Nust | ||
| 005 | 20221117090152.0 | ||
| 010 | _a 2003065098 | ||
| 020 | _a1401836305 (IG) | ||
| 020 | _a9812406298 | ||
| 040 | _cNust | ||
| 082 | 0 | 0 | _a621.3692,STE |
| 100 | 1 |
_aSterling, Donald J. _9102746 |
|
| 245 | 1 | 0 |
_aTechnician's guide to fiber optics / _cDonald J. Sterling |
| 250 | _a3rd ed. | ||
| 260 |
_aClifton Park, NY : _bThomson/Delmar Learning, _cc2004. |
||
| 300 |
_a368 p. : _bill. ; _c25 cm. |
||
| 505 | _aThe Comm. Revolution (Page-3), Information Transmission (Page-13), Fiber Optic as Comm. Medium (Page-25), Fiber Characteristics (Page-63), Sources (Page-93), Detectors (Page-129), Transmitters and Receivers (Page-147), Connectors and Splices (Page-165), Couplers, Multiplexers and other Devices (Page-201), Fiber Optic Link (Page-225), Fiber Optic Systems (Page-249), Introduction to Test and Other Equipment (Page-303). | ||
| 650 | 0 |
_aFiber optics. _958050 |
|
| 942 |
_2ddc _cBK |
||
| 999 |
_c181091 _d181091 |
||